[Event "XIX Torneo di Capodanno"]
[Site "Reggio nell'Emilia ITA"]
[Date "1976.12.27"]
[Round "1"]
[White "Akvist, Hakan"]
[Black "Kuzmin, Gennadi P."]
[Result "1-0"]
[WhiteElo "2325"]
[BlackElo "2565"]
[PlyCount "43"]
[EventDate "1976.12.27"]

1. e4 c5 2. Nf3 e6 3. d4 cxd4 4. Nxd4 Nc6 5. Be2 Nf6 6. Nc3 d6 7. O-O Be7 8.
Be3 O-O 9. f4 Qc7 10. Qe1 Bd7 11. Qg3 Nxd4 12. Bxd4 Bc6 13. Bd3 b6 14. Rae1
Rad8 15. Kh1 Qb7 16. Rf3 Rfe8 17. Qh3 e5 18. fxe5 dxe5 19. Bxe5 Nxe4 20. Nxe4
Bxe4 21. Qg4 Bg6 22. Rxf7 1-0

[Event "XIX Torneo di Capodanno"]
[Site "Reggio nell'Emilia ITA"]
[Date "1976.12.27"]
[Round "1"]
[White "Joksic, Sinisa"]
[Black "Bertok, Mario"]
[Result "1/2-1/2"]
[WhiteElo "2430"]
[BlackElo "2425"]
[PlyCount "37"]
[EventDate "1976.12.27"]

1. d4 d5 2. c4 dxc4 3. Nf3 Nf6 4. e3 c5 5. Bxc4 e6 6. O-O a6 7. a4 Nc6 8. Nc3
cxd4 9. Nxd4 Nxd4 10. Qxd4 Qc7 11. Be2 Bd6 12. h3 O-O 13. Rd1 Rd8 14. Qc4 Bd7
15. Qxc7 Bxc7 16. Bf3 Bc6 17. Rxd8+ Rxd8 18. Bxc6 bxc6 19. Kf1 1/2-1/2

[Event "XIX Torneo di Capodanno"]
[Site "Reggio nell'Emilia ITA"]
[Date "1976.12.27"]
[Round "1"]
[White "Kaikamdzozov, Jivko"]
[Black "Formanek, Edward W."]
[Result "1-0"]
[WhiteElo "2430"]
[BlackElo "2430"]
[PlyCount "99"]
[EventDate "1976.12.27"]

1. d4 f5 2. Bg5 g6 3. Nc3 d5 4. e3 Bg7 5. Nf3 Nf6 6. Be2 Nbd7 7. O-O c6 8. Bf4
Nh5 9. Re1 Nxf4 10. exf4 O-O 11. Bf1 Re8 12. g3 Nf6 13. Ne5 Ne4 14. Ne2 Qb6 15.
Qd3 g5 16. f3 gxf4 17. gxf4 Nd6 18. Kh1 Kh8 19. b3 Be6 20. Bh3 Rf8 21. Ng3 c5
22. c3 cxd4 23. cxd4 Bh6 24. Qe3 Rg8 25. Rg1 Raf8 26. Rac1 Ne8 27. Nd3 Qd6 28.
Rce1 Ng7 29. Qe5 Qxe5 30. Rxe5 Rc8 31. Bxf5 Bxf5 32. Nxf5 Nxf5 33. Rxf5 Rxg1+
34. Kxg1 Bg7 35. Rxd5 h6 36. Ne5 Rc2 37. Rd7 Rxa2 38. Rxe7 b5 39. d5 Rd2 40. d6
Kg8 41. d7 Kh7 42. Kf1 a5 43. Ke1 Rd6 44. Nf7 Bf6 45. Nxd6+ Bxe7 46. Nxb5 Kg6
47. Nd6 Kf6 48. Nb7 Kf5 49. Ke2 Kxf4 50. Nxa5 1-0

[Event "XIX Torneo di Capodanno"]
[Site "Reggio nell'Emilia ITA"]
[Date "1976.12.27"]
[Round "1"]
[White "Natalucci, Fabrizio"]
[Black "Toth, Bela"]
[Result "0-1"]
[WhiteElo "2280"]
[BlackElo "2405"]
[PlyCount "46"]
[EventDate "1976.12.27"]

1. e4 c5 2. Nf3 Nc6 3. d4 cxd4 4. Nxd4 Nf6 5. Nc3 d6 6. Bg5 e6 7. f4 Be7 8. Qd2
a6 9. O-O-O Qc7 10. Be2 Bd7 11. Bf3 Rc8 12. Kb1 Na5 13. Nde2 Nc4 14. Qc1 h6 15.
Bxf6 Bxf6 16. Rd3 b5 17. Nd4 O-O 18. Nce2 b4 19. Ng3 Rb8 20. Nh5 Bxd4 21. Rxd4
Na3+ 22. Ka1 Nxc2+ 23. Kb1 Rfc8 0-1

[Event "XIX Torneo di Capodanno"]
[Site "Reggio nell'Emilia ITA"]
[Date "1976.12.27"]
[Round "1"]
[White "Rosino, Antonio"]
[Black "Haik, Aldo"]
[Result "0-1"]
[WhiteElo "2260"]
[BlackElo "2325"]
[PlyCount "40"]
[EventDate "1976.12.27"]

1. e4 c6 2. d4 d5 3. exd5 cxd5 4. c4 Nf6 5. c5 e5 6. Nc3 exd4 7. Qxd4 Nc6 8.
Bb5 Be7 9. Nf3 O-O 10. Bxc6 bxc6 11. O-O Nd7 12. Na4 Bf6 13. Qf4 Re8 14. Bd2
Re4 15. Qd6 Bb7 16. Nc3 Re6 17. Qf4 Nxc5 18. Nd4 Re8 19. Rad1 Be5 20. Qg4 h5
0-1

[Event "XIX Torneo di Capodanno"]
[Site "Reggio nell'Emilia ITA"]
[Date "1976.12.28"]
[Round "2"]
[White "Akvist, Hakan"]
[Black "Kaikamdzozov, Jivko"]
[Result "1/2-1/2"]
[WhiteElo "2325"]
[BlackElo "2430"]
[PlyCount "43"]
[EventDate "1976.12.27"]

1. e4 d6 2. d4 g6 3. Be2 Bg7 4. Nf3 Nf6 5. Nc3 O-O 6. h3 c6 7. a4 a5 8. O-O Na6
9. Be3 Nb4 10. Qd2 d5 11. e5 Ne8 12. Ne1 f6 13. f4 fxe5 14. fxe5 Rxf1+ 15. Bxf1
Bf5 16. Ne2 Nc7 17. c3 Nba6 18. Ng3 Bd7 19. Nf3 Ne6 20. Be2 Qb6 21. Rf1 Rf8 22.
Rf2 1/2-1/2

[Event "XIX Torneo di Capodanno"]
[Site "Reggio nell'Emilia ITA"]
[Date "1976.12.28"]
[Round "2"]
[White "Formanek, Edward W."]
[Black "Natalucci, Fabrizio"]
[Result "1-0"]
[WhiteElo "2430"]
[BlackElo "2280"]
[PlyCount "99"]
[EventDate "1976.12.27"]

1. e4 c5 2. Nf3 d6 3. d4 cxd4 4. Nxd4 Nf6 5. Nc3 g6 6. Be3 Bg7 7. f3 Nc6 8. Qd2
O-O 9. Bc4 Qa5 10. O-O-O Bd7 11. Bb3 Rfc8 12. Kb1 Ne5 13. Bg5 Rab8 14. h4 b5
15. Bxf6 Bxf6 16. Nd5 Qxd2 17. Rxd2 Kg7 18. h5 g5 19. h6+ Kg6 20. g3 e6 21. f4
Bd8 22. Ne3 Nc4 23. f5+ Kf6 24. Bxc4 bxc4 25. Ng4+ Ke7 26. fxe6 fxe6 27. c3 Be8
28. Kc1 Bg6 29. Re1 Rb6 30. Nf5+ Kd7 31. Ne5+ Kc7 32. Nxg6 exf5 33. exf5 hxg6
34. fxg6 g4 35. g7 Bg5 36. h7 Bxd2+ 37. Kxd2 Rxb2+ 38. Ke3 Rbb8 39. Rh1 Rh8 40.
gxh8=Q Rxh8 41. Kf4 d5 42. Kxg4 d4 43. cxd4 c3 44. Kg5 c2 45. Kg6 Rd8 46. g4
Rd6+ 47. Kh5 Rd8 48. Rc1 Rh8 49. Kh6 Kd6 50. Kg7 1-0

[Event "XIX Torneo di Capodanno"]
[Site "Reggio nell'Emilia ITA"]
[Date "1976.12.28"]
[Round "2"]
[White "Kuzmin, Gennadi P."]
[Black "Bertok, Mario"]
[Result "1/2-1/2"]
[WhiteElo "2565"]
[BlackElo "2425"]
[PlyCount "56"]
[EventDate "1976.12.27"]

1. e4 c5 2. Nf3 d6 3. Bb5+ Nd7 4. c4 Ngf6 5. Nc3 g6 6. d4 cxd4 7. Nxd4 Bg7 8.
O-O O-O 9. Ba4 Nb6 10. Bb3 a6 11. Bg5 Bd7 12. Nd5 Re8 13. Re1 Nbxd5 14. exd5
Rc8 15. h3 h6 16. Bf4 Qa5 17. a4 Kh7 18. Qd3 Ng8 19. Bd2 Qc5 20. Be3 Qc7 21. a5
e5 22. dxe6 fxe6 23. Bd2 e5 24. Ne2 Bf5 25. Qe3 Be6 26. Rac1 Ne7 27. Bc2 Nf5
28. Qa3 Qf7 1/2-1/2

[Event "XIX Torneo di Capodanno"]
[Site "Reggio nell'Emilia ITA"]
[Date "1976.12.28"]
[Round "2"]
[White "Toth, Bela"]
[Black "Rosino, Antonio"]
[Result "1-0"]
[WhiteElo "2405"]
[BlackElo "2260"]
[PlyCount "61"]
[EventDate "1976.12.27"]

1. Nf3 Nf6 2. c4 g6 3. b3 Bg7 4. Bb2 O-O 5. g3 c5 6. Bg2 Nc6 7. O-O d6 8. Nc3
h6 9. d4 cxd4 10. Nxd4 Bd7 11. Nc2 Qc8 12. Re1 Bh3 13. Bh1 h5 14. e4 h4 15. Rb1
Ne5 16. Nd4 hxg3 17. hxg3 Kh7 18. Nd5 Qd7 19. Nf3 Nxd5 20. Nxe5 Bxe5 21. exd5
Bf5 22. Be4 Rh8 23. Qf3 Bxb2 24. Bxf5 gxf5 25. Rxb2 e5 26. dxe6 fxe6 27. Rbe2
Rae8 28. Rxe6 Qxe6 29. Rxe6 Rxe6 30. Qxf5+ Rg6 31. Qh3+ 1-0

[Event "XIX Torneo di Capodanno"]
[Site "Reggio nell'Emilia ITA"]
[Date "1976.12.29"]
[Round "3"]
[White "Bertok, Mario"]
[Black "Bilek, Istvan"]
[Result "1/2-1/2"]
[WhiteElo "2425"]
[BlackElo "2435"]
[PlyCount "24"]
[EventDate "1976.12.27"]

1. c4 c5 2. g3 g6 3. Bg2 Bg7 4. Nc3 Nc6 5. Nf3 e6 6. e3 Nge7 7. d4 cxd4 8. Nxd4
Nxd4 9. exd4 d5 10. cxd5 Nxd5 11. Nxd5 exd5 12. Be3 Be6 1/2-1/2

[Event "XIX Torneo di Capodanno"]
[Site "Reggio nell'Emilia ITA"]
[Date "1976.12.29"]
[Round "3"]
[White "Kaikamdzozov, Jivko"]
[Black "Kuzmin, Gennadi P."]
[Result "0-1"]
[WhiteElo "2430"]
[BlackElo "2565"]
[PlyCount "98"]
[EventDate "1976.12.27"]

1. d4 Nf6 2. Nf3 e6 3. Bf4 b6 4. e3 Bb7 5. Nbd2 g6 6. Bd3 Bg7 7. Qe2 Nc6 8. c3
d6 9. e4 h6 10. h3 Qe7 11. Be3 Nb8 12. a4 O-O 13. a5 bxa5 14. Rxa5 Nc6 15. Ra2
a5 16. O-O Rfb8 17. Rfa1 Qd8 18. Nb3 Ne7 19. Nfd2 a4 20. Rxa4 Rxa4 21. Rxa4
Nxe4 22. Nxe4 Bxe4 23. Bxe4 Rxb3 24. Ra8 Rb8 25. Rxb8 Qxb8 26. h4 Qb3 27. h5 g5
28. f4 g4 29. Kh2 f5 30. Bd3 Kf7 31. Bc4 Qb7 32. Ba6 Qb8 33. Bc4 d5 34. Ba2 c6
35. b4 Qc7 36. g3 Qa7 37. Qb2 Qa6 38. Bb3 Ng8 39. c4 Nf6 40. cxd5 exd5 41. Qc2
Qf1 42. Qf2 Qh3+ 43. Kg1 Ne4 44. Qg2 Qxg3 45. Qxg3 Nxg3 46. b5 cxb5 47. Bxd5+
Ke7 48. Bc6 b4 49. d5 Kd6 0-1

[Event "XIX Torneo di Capodanno"]
[Site "Reggio nell'Emilia ITA"]
[Date "1976.12.29"]
[Round "3"]
[White "Natalucci, Fabrizio"]
[Black "Akvist, Hakan"]
[Result "1-0"]
[WhiteElo "2280"]
[BlackElo "2325"]
[PlyCount "95"]
[EventDate "1976.12.27"]

1. e4 e6 2. d4 d5 3. Nd2 Nf6 4. e5 Nfd7 5. f4 c5 6. c3 Nc6 7. Ndf3 Qa5 8. dxc5
Qxc5 9. Bd3 Nb6 10. Ne2 Bd7 11. a4 Rc8 12. b3 Na8 13. Ba3 Qb6 14. Bxf8 Kxf8 15.
Rc1 Ke7 16. Ned4 Nxd4 17. Nxd4 g6 18. Qg4 Qxd4 19. cxd4 Rxc1+ 20. Kf2 Rxh1 21.
Qh4+ Ke8 22. Bf1 Nc7 23. g4 b5 24. a5 b4 25. Kg2 Rxf1 26. Kxf1 Nb5 27. f5 gxf5
28. gxf5 exf5 29. e6 Bxe6 30. Qe1 Rg8 31. Qxb4 Bd7 32. Qe1+ Kd8 33. Qh4+ Kc7
34. Qxh7 Rg4 35. Qxf7 Rxd4 36. Qe7 Nd6 37. h4 Re4 38. Qh7 d4 39. h5 d3 40. Qg7
Rg4 41. Qc3+ Bc6 42. h6 Kd7 43. h7 Bb5 44. Ke1 Rg1+ 45. Kf2 d2 46. Qxd2 Rh1 47.
Qd4 Rh2+ 48. Kg1 1-0

[Event "XIX Torneo di Capodanno"]
[Site "Reggio nell'Emilia ITA"]
[Date "1976.12.29"]
[Round "3"]
[White "Rosino, Antonio"]
[Black "Formanek, Edward W."]
[Result "1-0"]
[WhiteElo "2260"]
[BlackElo "2430"]
[PlyCount "99"]
[EventDate "1976.12.27"]

1. e4 c5 2. Nf3 d6 3. d4 cxd4 4. Nxd4 Nf6 5. Nc3 e6 6. Bg5 Be7 7. f4 h6 8. Bh4
Nxe4 9. Bxe7 Nxc3 10. Bxd8 Nxd1 11. Rxd1 Kxd8 12. Nb5 Nc6 13. Nxd6 Ke7 14. Be2
Rd8 15. Nxc8+ Raxc8 16. c3 g5 17. g3 Rxd1+ 18. Kxd1 gxf4 19. gxf4 Kf6 20. Kd2
Ne7 21. Ke3 Rc5 22. Rd1 Nd5+ 23. Kf3 Nb6 24. Rd4 Ke7 25. Ke3 Nd5+ 26. Kd2 Nc7
27. b4 Rd5 28. Ke3 b5 29. Bf3 Rd6 30. c4 Ra6 31. Bb7 Ra3+ 32. Rd3 Rxa2 33. Bc6
Kf6 34. Rd7 Ne8 35. Bxb5 a6 36. Ra7 Ng7 37. Bxa6 Ra4 38. c5 Nf5+ 39. Kd3 Rxb4
40. Kc3 Rxf4 41. c6 Rh4 42. Rd7 Rh3+ 43. Kb4 Rh4+ 44. Kc3 Rh3+ 45. Kb4 Rh4+ 46.
Ka5 Rxh2 47. c7 Ra2+ 48. Kb4 Rc2 49. c8=Q Rxc8 50. Bxc8 1-0

[Event "XIX Torneo di Capodanno"]
[Site "Reggio nell'Emilia ITA"]
[Date "1976.12.30"]
[Round "4"]
[White "Akvist, Hakan"]
[Black "Rosino, Antonio"]
[Result "1-0"]
[WhiteElo "2325"]
[BlackElo "2260"]
[PlyCount "49"]
[EventDate "1976.12.27"]

1. e4 e5 2. Nf3 Nc6 3. Bb5 Nf6 4. O-O Nxe4 5. d4 a6 6. Ba4 b5 7. Bb3 d5 8. dxe5
Be6 9. Qe2 Be7 10. Rd1 O-O 11. c4 bxc4 12. Bxc4 Qd7 13. Nc3 Nxc3 14. bxc3 f6
15. exf6 Bxf6 16. Ng5 Bxg5 17. Bxg5 h6 18. Be3 Ne5 19. Bb3 Qd6 20. Rd4 c5 21.
Rf4 g5 22. Rxf8+ Rxf8 23. Re1 Bg4 24. Qd2 Bf3 25. Bxc5 1-0

[Event "XIX Torneo di Capodanno"]
[Site "Reggio nell'Emilia ITA"]
[Date "1976.12.30"]
[Round "4"]
[White "Haik, Aldo"]
[Black "Bertok, Mario"]
[Result "1-0"]
[WhiteElo "2325"]
[BlackElo "2425"]
[PlyCount "75"]
[EventDate "1976.12.27"]

1. d4 Nf6 2. c4 d6 3. Nc3 Nbd7 4. g3 e5 5. Bg2 c6 6. Nf3 Be7 7. O-O O-O 8. e4
Re8 9. b3 Bf8 10. Bb2 a5 11. Re1 exd4 12. Nxd4 Nc5 13. Rb1 g6 14. Qc2 Bg7 15.
Rbd1 Qb6 16. h3 Nfd7 17. Nce2 Nf6 18. Nc3 Nfd7 19. Nde2 a4 20. Nc1 Re6 21. Kh2
Nf6 22. f4 Bd7 23. e5 dxe5 24. fxe5 Nh5 25. Ne4 Nxe4 26. Rxe4 Qc7 27. g4 Nf6
28. Ree1 Be8 29. Kh1 Nd7 30. Nd3 axb3 31. axb3 Nxe5 32. Nc5 Re7 33. Ne4 Ra2 34.
Bxe5 Rxc2 35. Bxc7 Rxc7 36. Nc5 Kf8 37. Rd8 Re7 38. Nd7+ 1-0

[Event "XIX Torneo di Capodanno"]
[Site "Reggio nell'Emilia ITA"]
[Date "1976.12.30"]
[Round "4"]
[White "Kaikamdzozov, Jivko"]
[Black "Natalucci, Fabrizio"]
[Result "1-0"]
[WhiteElo "2430"]
[BlackElo "2280"]
[PlyCount "65"]
[EventDate "1976.12.27"]

1. e4 c5 2. Nf3 d6 3. Bb5+ Nd7 4. c3 Ngf6 5. Qe2 a6 6. Ba4 b5 7. Bc2 Bb7 8. d4
e5 9. O-O g6 10. Rd1 Qc7 11. a4 b4 12. dxe5 dxe5 13. Nbd2 Be7 14. Nc4 O-O 15.
Bg5 Rfe8 16. Nfd2 Nf8 17. Qf3 Nh5 18. Bxe7 Rxe7 19. Ne3 f5 20. Nxf5 gxf5 21.
Qxh5 Ng6 22. g3 Rg7 23. Kf1 c4 24. exf5 Nf4 25. gxf4 Bg2+ 26. Ke1 exf4 27. Ne4
Qc6 28. Rd6 Qe8 29. Re6 Qxh5 30. Nf6+ Kh8 31. Nxh5 Rg5 32. Nxf4 Bf3 33. Kd2 1-0

[Event "XIX Torneo di Capodanno"]
[Site "Reggio nell'Emilia ITA"]
[Date "1976.12.30"]
[Round "4"]
[White "Kuzmin, Gennadi P."]
[Black "Bilek, Istvan"]
[Result "1/2-1/2"]
[WhiteElo "2565"]
[BlackElo "2435"]
[PlyCount "28"]
[EventDate "1976.12.27"]

1. d4 Nf6 2. c4 g6 3. Nc3 Bg7 4. e4 d6 5. f4 c5 6. d5 O-O 7. Nf3 e6 8. dxe6
fxe6 9. e5 dxe5 10. Qxd8 Rxd8 11. fxe5 Ng4 12. Bg5 Rd7 13. Ne4 Nxe5 14. Nxc5
Nxf3+ 1/2-1/2

[Event "XIX Torneo di Capodanno"]
[Site "Reggio nell'Emilia ITA"]
[Date "1976.12.30"]
[Round "4"]
[White "Toth, Bela"]
[Black "Joksic, Sinisa"]
[Result "0-1"]
[WhiteElo "2405"]
[BlackElo "2430"]
[PlyCount "91"]
[EventDate "1976.12.27"]

1. d4 d5 2. c4 c6 3. Nf3 Nf6 4. Nc3 e6 5. e3 Nbd7 6. Bd3 dxc4 7. Bxc4 b5 8. Bd3
a6 9. e4 c5 10. d5 e5 11. O-O c4 12. Bc2 Bc5 13. Qe2 O-O 14. Be3 Qb6 15. Bxc5
Qxc5 16. Nh4 Nb6 17. Kh1 b4 18. Na4 Nxa4 19. Bxa4 Qd4 20. Rfe1 Bg4 21. f3 Bc8
22. Bc6 Rb8 23. Rad1 Qc5 24. Rc1 c3 25. bxc3 bxc3 26. Qe3 Qxe3 27. Rxe3 g5 28.
Nf5 Bxf5 29. exf5 c2 30. Kg1 Rfd8 31. Rxe5 Nxd5 32. Bxd5 Rxd5 33. Rxd5 Rb1 34.
Kf2 Rxc1 35. Rc5 Kg7 36. Rc6 h5 37. h3 h4 38. a4 a5 39. Ke3 Re1+ 40. Kd2 Rg1
41. Kxc2 Rxg2+ 42. Kd3 Rg3 43. Ke2 Rxh3 44. Rc5 Rh2+ 45. Kf1 Ra2 46. Rxa5 0-1

[Event "XIX Torneo di Capodanno"]
[Site "Reggio nell'Emilia ITA"]
[Date "1976.12.31"]
[Round "5"]
[White "Bertok, Mario"]
[Black "Toth, Bela"]
[Result "0-1"]
[WhiteElo "2425"]
[BlackElo "2405"]
[PlyCount "110"]
[EventDate "1976.12.27"]

1. d4 Nf6 2. c4 e6 3. Nf3 b6 4. g3 Ba6 5. Bg2 Bxc4 6. Nfd2 Bd5 7. e4 Bb7 8. O-O
d5 9. e5 Ng8 10. Nb3 Ne7 11. Nc3 Nf5 12. Qg4 Be7 13. Rd1 c6 14. h4 h5 15. Qf3
Nd7 16. Bh3 g6 17. Bf4 a6 18. Rac1 Rc8 19. Ne2 c5 20. Kh2 Ng7 21. Qe3 a5 22.
Nd2 Ba6 23. Nf3 Nf5 24. Bxf5 gxf5 25. Bg5 Bxe2 26. Qxe2 Bxg5 27. Nxg5 cxd4 28.
Rxc8 Qxc8 29. Rxd4 Qc7 30. Nf3 Rg8 31. Rd3 Rg4 32. Rc3 Rc4 33. Qe3 Qc5 34. Qd2
b5 35. Kg1 b4 36. Rxc4 dxc4 37. Qh6 c3 38. bxc3 bxc3 39. Ne1 Nxe5 40. Qxh5 Ng4
41. Qh8+ Ke7 42. Nd3 Qc4 43. Nc1 e5 44. Qa8 Qd4 45. Qf3 Qd2 46. Nb3 Qxa2 47.
Qxf5 Qxb3 48. Qxg4 c2 49. Qg5+ f6 50. Qg7+ Qf7 51. Qh6 Qc4 52. Qg7+ Ke8 53.
Qg6+ Kd7 54. Qg7+ Kc8 55. Qf8+ Kb7 0-1

[Event "XIX Torneo di Capodanno"]
[Site "Reggio nell'Emilia ITA"]
[Date "1976.12.31"]
[Round "5"]
[White "Bilek, Istvan"]
[Black "Haik, Aldo"]
[Result "1/2-1/2"]
[WhiteElo "2435"]
[BlackElo "2325"]
[PlyCount "39"]
[EventDate "1976.12.27"]

1. Nf3 g6 2. g3 Bg7 3. Bg2 e5 4. d3 Ne7 5. O-O O-O 6. c4 c6 7. Nbd2 d5 8. Rb1
f5 9. b3 e4 10. Ne1 Nd7 11. Ba3 Re8 12. Nc2 Ne5 13. dxe4 dxe4 14. f3 e3 15. f4
exd2 16. fxe5 Bxe5 17. Bb4 Be6 18. Qxd2 Qb6+ 19. Kh1 Rad8 20. Qe1 1/2-1/2

[Event "XIX Torneo di Capodanno"]
[Site "Reggio nell'Emilia ITA"]
[Date "1976.12.31"]
[Round "5"]
[White "Joksic, Sinisa"]
[Black "Formanek, Edward W."]
[Result "1-0"]
[WhiteElo "2430"]
[BlackElo "2430"]
[PlyCount "89"]
[EventDate "1976.12.27"]

1. e4 c5 2. Nf3 Nc6 3. Bb5 g6 4. O-O Bg7 5. c3 e5 6. d3 Nge7 7. Be3 Qb6 8. Na3
O-O 9. b4 d6 10. Nc4 Qc7 11. bxc5 d5 12. Ncd2 h6 13. Nb3 a6 14. Bxc6 bxc6 15.
d4 f5 16. exd5 Nxd5 17. dxe5 Nxe3 18. fxe3 Rd8 19. Nbd4 Bxe5 20. Qa4 Bg7 21.
Rad1 Rd5 22. c4 Rd8 23. Qxc6 Qxc6 24. Nxc6 Re8 25. Rd8 Bb7 26. Rxe8+ Rxe8 27.
Na5 Ba8 28. c6 Bc3 29. Nb7 Rxe3 30. Rd1 Bf6 31. Re1 Rxe1+ 32. Nxe1 Be5 33. Nd3
Bc3 34. Kf1 a5 35. Nf4 Be5 36. Nxg6 Bxh2 37. Ne7+ Kf7 38. Nxf5 Ke6 39. Nxh6 Bf4
40. Ng4 Kf5 41. Nf2 Bc7 42. Ke2 Kf4 43. Nd3+ Ke4 44. Ndc5+ Ke5 45. Kd3 1-0

[Event "XIX Torneo di Capodanno"]
[Site "Reggio nell'Emilia ITA"]
[Date "1976.12.31"]
[Round "5"]
[White "Natalucci, Fabrizio"]
[Black "Kuzmin, Gennadi P."]
[Result "0-1"]
[WhiteElo "2280"]
[BlackElo "2565"]
[PlyCount "82"]
[EventDate "1976.12.27"]

1. e4 e5 2. Nf3 Nc6 3. Bb5 a6 4. Ba4 Nf6 5. O-O Be7 6. Re1 b5 7. Bb3 d6 8. c3
O-O 9. h3 Na5 10. Bc2 c5 11. d4 Qc7 12. Nbd2 cxd4 13. cxd4 Nc6 14. Nb3 a5 15.
Be3 a4 16. Nbd2 Bd7 17. Rc1 Qb8 18. Bb1 Bd8 19. Nf1 Re8 20. dxe5 Nxe5 21. Bg5
Qa7 22. Ne3 h6 23. Nxe5 dxe5 24. Bxf6 Bxf6 25. Nd5 Bh4 26. g3 Bxg3 27. Re3 Bf4
28. Rc7 Bxe3 29. Rxa7 Bxa7 30. Nc7 Bd4 31. Nxa8 Rxa8 32. Kg2 Ra6 33. f4 Rg6+
34. Kh2 Bg1+ 35. Kh1 Bxh3 36. Qd8+ Kh7 37. f5 Rg5 38. Bd3 Bf2 39. Bxb5 Bg2+ 40.
Kh2 Bf3 41. Bf1 Rg1 0-1

[Event "XIX Torneo di Capodanno"]
[Site "Reggio nell'Emilia ITA"]
[Date "1976.12.31"]
[Round "5"]
[White "Rosino, Antonio"]
[Black "Kaikamdzozov, Jivko"]
[Result "1-0"]
[WhiteElo "2260"]
[BlackElo "2430"]
[PlyCount "85"]
[EventDate "1976.12.27"]

1. e4 g6 2. d4 Bg7 3. Nf3 d6 4. Nc3 c6 5. Be2 Nf6 6. O-O O-O 7. e5 Ne8 8. Re1
d5 9. h3 f6 10. exf6 Nxf6 11. Bd3 Qd6 12. Bg5 Re8 13. Qd2 Nbd7 14. Bf4 Qb4 15.
a3 Qb6 16. Na4 Qd8 17. Re2 Nf8 18. Rae1 a5 19. b3 Bf5 20. c3 Bxd3 21. Qxd3 Ne4
22. Nd2 b5 23. Nb2 Nd6 24. Be5 Bh6 25. c4 Qd7 26. c5 Nf7 27. Bg3 b4 28. a4 Bg7
29. Nf3 Bf6 30. Qd2 Qf5 31. Nd3 e6 32. Nde5 Rac8 33. Nxf7 Kxf7 34. Bh4 Bxh4 35.
Nxh4 Qf6 36. Nf3 Kg7 37. Ne5 g5 38. Re3 Ng6 39. Rf3 Nf4 40. g3 Nxh3+ 41. Kg2
Qh6 42. Rh1 g4 43. Rf7+ 1-0

[Event "XIX Torneo di Capodanno"]
[Site "Reggio nell'Emilia ITA"]
[Date "1977.01.01"]
[Round "6"]
[White "Akvist, Hakan"]
[Black "Joksic, Sinisa"]
[Result "0-1"]
[WhiteElo "2325"]
[BlackElo "2430"]
[PlyCount "68"]
[EventDate "1976.12.27"]

1. e4 c5 2. Nf3 Nc6 3. d4 cxd4 4. Nxd4 Nf6 5. Nc3 e5 6. Ndb5 d6 7. Bg5 a6 8.
Bxf6 gxf6 9. Na3 b5 10. Nd5 f5 11. Bd3 Be6 12. Qh5 Bg7 13. c3 O-O 14. Nc2 fxe4
15. Bxe4 f5 16. Nf6+ Rxf6 17. Bxc6 Rc8 18. Bb7 Rb8 19. Bxa6 Rb6 20. Nb4 Qa8 21.
a4 Bf7 22. Qf3 Rxa6 23. Nxa6 Qxa6 24. a5 Bc4 25. h4 e4 26. Qe3 f4 27. Qb6 d5
28. Qd8+ Rf8 29. Qg5 Kh8 30. h5 b4 31. Qe7 bxc3 32. h6 Bxh6 33. bxc3 Bg7 34.
Kd2 Bb3 0-1

[Event "XIX Torneo di Capodanno"]
[Site "Reggio nell'Emilia ITA"]
[Date "1977.01.01"]
[Round "6"]
[White "Formanek, Edward W."]
[Black "Bertok, Mario"]
[Result "1/2-1/2"]
[WhiteElo "2430"]
[BlackElo "2425"]
[PlyCount "87"]
[EventDate "1976.12.27"]

1. e4 c5 2. Nf3 d6 3. d4 cxd4 4. Nxd4 Nf6 5. Nc3 a6 6. f4 Qc7 7. Bd3 g6 8. O-O
Bg7 9. Nf3 O-O 10. Qe1 Nbd7 11. Kh1 e5 12. Qh4 b5 13. fxe5 dxe5 14. Bh6 b4 15.
Nd1 Nh5 16. Bxg7 Kxg7 17. Ne3 Nhf6 18. Ng5 Qd6 19. Bc4 h6 20. Nxf7 Rxf7 21.
Bxf7 Kxf7 22. Rad1 Qc6 23. Rxd7+ Bxd7 24. Nd5 Bf5 25. Nxf6 Qxf6 26. Qxh6 Rh8
27. Qe3 Rh4 28. Qa7+ Qe7 29. Qxe7+ Kxe7 30. exf5 gxf5 31. Rxf5 Ke6 32. Rf2 Rd4
33. g3 e4 34. Kg2 Ke5 35. Re2 Rd1 36. Kf2 a5 37. Ke3 a4 38. g4 Rg1 39. Rd2 Rxg4
40. Rd4 Rh4 41. Rxb4 Rh3+ 42. Kd2 Rxh2+ 43. Kc3 Rh3+ 44. Kd2 1/2-1/2

[Event "XIX Torneo di Capodanno"]
[Site "Reggio nell'Emilia ITA"]
[Date "1977.01.01"]
[Round "6"]
[White "Kuzmin, Gennadi P."]
[Black "Haik, Aldo"]
[Result "1-0"]
[WhiteElo "2565"]
[BlackElo "2325"]
[PlyCount "47"]
[EventDate "1976.12.27"]

1. d4 Nf6 2. c4 g6 3. Nc3 Bg7 4. e4 d6 5. f3 O-O 6. Be3 b6 7. Bd3 Bb7 8. Nge2
c5 9. d5 e6 10. Qd2 Nbd7 11. Bc2 exd5 12. exd5 Re8 13. Bg5 a6 14. a4 Ne5 15. b3
Qc7 16. O-O h5 17. f4 Neg4 18. f5 gxf5 19. h3 Ne5 20. Ng3 Nh7 21. Nxh5 Nxg5 22.
Qxg5 Ng6 23. Nxg7 Kxg7 24. Qxf5 1-0

[Event "XIX Torneo di Capodanno"]
[Site "Reggio nell'Emilia ITA"]
[Date "1977.01.01"]
[Round "6"]
[White "Natalucci, Fabrizio"]
[Black "Rosino, Antonio"]
[Result "1/2-1/2"]
[WhiteElo "2280"]
[BlackElo "2260"]
[PlyCount "51"]
[EventDate "1976.12.27"]

1. e4 e5 2. Nf3 Nc6 3. Bb5 Nf6 4. O-O Nxe4 5. d4 a6 6. Ba4 b5 7. Bb3 d5 8. dxe5
Be6 9. Qe2 Be7 10. Rd1 O-O 11. c4 bxc4 12. Bxc4 Qd7 13. Nc3 Nxc3 14. bxc3 f6
15. exf6 Bxf6 16. Ng5 Bxg5 17. Bxg5 h6 18. Be3 Ne5 19. Bb3 Qd6 20. Rd4 c5 21.
Rf4 g5 22. Rxf8+ Rxf8 23. Re1 Bg4 24. Qd2 c4 25. Bd1 Bxd1 26. Rxd1 1/2-1/2

[Event "XIX Torneo di Capodanno"]
[Site "Reggio nell'Emilia ITA"]
[Date "1977.01.01"]
[Round "6"]
[White "Toth, Bela"]
[Black "Bilek, Istvan"]
[Result "1/2-1/2"]
[WhiteElo "2405"]
[BlackElo "2435"]
[PlyCount "28"]
[EventDate "1976.12.27"]

1. d4 d5 2. c4 c6 3. cxd5 cxd5 4. Nc3 Nf6 5. Bf4 e6 6. Nf3 Nc6 7. e3 Bd6 8.
Bxd6 Qxd6 9. Bb5 Bd7 10. O-O O-O 11. Bxc6 Bxc6 12. Ne5 Rfc8 13. Nxc6 Rxc6 14.
Rc1 Rac8 1/2-1/2

[Event "XIX Torneo di Capodanno"]
[Site "Reggio nell'Emilia ITA"]
[Date "1977.01.02"]
[Round "7"]
[White "Bertok, Mario"]
[Black "Akvist, Hakan"]
[Result "1/2-1/2"]
[WhiteElo "2425"]
[BlackElo "2325"]
[PlyCount "48"]
[EventDate "1976.12.27"]

1. c4 Nf6 2. Nc3 e6 3. Nf3 d5 4. d4 c6 5. e3 Nbd7 6. Bd3 dxc4 7. Bxc4 b5 8. Bb3
b4 9. Ne2 Bb7 10. O-O Be7 11. Nf4 O-O 12. Ng5 Qa5 13. Nxf7 Rxf7 14. Bxe6 Nf8
15. Bxf7+ Kxf7 16. Qb3+ Ke8 17. Re1 Rd8 18. f3 Qb5 19. Nd3 Bc8 20. a4 Qb6 21.
Bd2 Be6 22. Qc2 Bf5 23. Qc4 Be6 24. Qc2 Bf5 1/2-1/2

[Event "XIX Torneo di Capodanno"]
[Site "Reggio nell'Emilia ITA"]
[Date "1977.01.02"]
[Round "7"]
[White "Bilek, Istvan"]
[Black "Formanek, Edward W."]
[Result "1-0"]
[WhiteElo "2435"]
[BlackElo "2430"]
[PlyCount "57"]
[EventDate "1976.12.27"]

1. g3 g6 2. Bg2 Bg7 3. Nf3 e5 4. d3 f5 5. Nc3 d6 6. e4 Nf6 7. exf5 gxf5 8. O-O
Nc6 9. Nh4 f4 10. d4 Nxd4 11. Bxf4 Bg4 12. f3 Be6 13. Be3 c5 14. Ne4 O-O 15. c3
Nxe4 16. fxe4 Rxf1+ 17. Bxf1 Nc6 18. Nf5 Bf8 19. Qg4+ Kh8 20. Bg5 Be7 21. Nxe7
Qxe7 22. Qh4 Qf7 23. Be2 Qe8 24. Rf1 Kg8 25. Bh5 Qd7 26. Bh6 Qe7 27. Bg5 Qd7
28. Bf6 h6 29. Bg6 1-0